The courage of Carol: (Record no. 12763)

000 -LEADER
fixed length control field 00728nam a2200205 a 4500
001 - CONTROL NUMBER
control field :::00010577$&:&@@
003 - CONTROL NUMBER IDENTIFIER
control field OkBaRHE
005 - DATE AND TIME OF LATEST TRANSACTION
control field 20000607103400.0
008 - FIXED-LENGTH DATA ELEMENTS--GENERAL INFORMATION
fixed length control field s1978 j 000 0 eng u
040 ## - CATALOGING SOURCE
Transcribing agency
100 1# - MAIN ENTRY--PERSONAL NAME
Personal name Schuller, Robert H. and Schuller, Arvella.
245 14 - TITLE STATEMENT
Title The courage of Carol:
Remainder of title pearls from tears.
260 ## - PUBLICATION, DISTRIBUTION, ETC. (IMPRINT)
Place of publication, distribution, etc Irvine, CA., :
Name of publisher, distributor, etc Harvest House Publishers
Date of publication, distribution, etc c1978
300 ## - PHYSICAL DESCRIPTION
Extent 112 p. ;
Dimensions 18 cm.
650 ## - SUBJECT ADDED ENTRY--TOPICAL TERM
Topical term or geographic name as entry element Christian Life
700 ## - ADDED ENTRY--PERSONAL NAME
Personal name Schuller, Arvella, Joint author.
942 ## - ADDED ENTRY ELEMENTS (KOHA)
Source of classification or shelving scheme
Koha item type Books
Copies
Price effective from Not for loan Shelving location Damaged status Date acquired Date last seen Source of classification or shelving scheme Withdrawn status Full call number Permanent Location Lost status Barcode Koha item type Copy number
2010-04-14 General Stacks 2010-04-142010-04-14  BV 4501 .S3RHEMA Bible Training College 10577Books1
2010-04-14 General Stacks 2010-04-142010-04-14  BV 4501 .S3RHEMA Bible Training College 15132Books2